[Event "Cap d'Agde-A"]
[Site "Cap d'Agde"]
[Date "2006.10.29"]
[Round "7"]
[White "Kosteniuk, Alexandra"]
[Black "Radjabov, Teimour"]
[Result "1/2-1/2"]
[WhiteElo "2534"]
[BlackElo "2729"]
[PlyCount "28"]
[EventDate "2006.10.27"]
[EventType "tourn (rapid)"]
[EventRounds "7"]
[EventCountry "FRA"]
[EventCategory "14"]
[SourceTitle "CBM 115"]
[Source "ChessBase"]
[SourceDate "2006.11.15"]
[SourceVersion "1"]
[SourceVersionDate "2006.11.15"]
[SourceQuality "1"]

1. e4 c5 2. Nf3 Nc6 3. d4 cxd4 4. Nxd4 Nf6 5. Nc3 e5 6. Ndb5 d6 7. Bg5 a6 8.
Na3 b5 9. Nd5 Be7 10. Bxf6 Bxf6 11. c4 b4 12. Nc2 a5 13. Be2 O-O 14. O-O Be6
1/2-1/2

[Event "Cap d'Agde KO"]
[Site "Cap d'Agde"]
[Date "2006.10.30"]
[Round "1.2"]
[White "Bacrot, Etienne"]
[Black "Radjabov, Teimour"]
[Result "0-1"]
[WhiteElo "2705"]
[BlackElo "2729"]
[PlyCount "194"]
[EventDate "2006.10.30"]
[EventType "k.o. (rapid)"]
[EventRounds "3"]
[EventCountry "FRA"]
[SourceTitle "CBM 115"]
[Source "ChessBase"]
[SourceDate "2006.11.15"]
[SourceVersion "1"]
[SourceVersionDate "2006.11.15"]
[SourceQuality "1"]

1. d4 Nf6 2. c4 g6 3. Nc3 Bg7 4. e4 d6 5. Nf3 O-O 6. Be2 e5 7. Be3 Ng4 8. Bg5
f6 9. Bh4 g5 10. Bg3 Nh6 11. d5 Nd7 12. Nd2 f5 13. f3 Nf6 14. h3 c5 15. Bf2 f4
16. a3 b6 17. b4 Nf7 18. Qb3 h5 19. Kd1 Bd7 20. Kc2 Qc7 21. Rhb1 Rfb8 22. a4 a5
23. bxa5 bxa5 24. Nb5 Qd8 25. Qc3 Bf8 26. Be1 Ra6 27. Nb3 Rba8 28. Qd2 h4 29.
Nc1 Be7 30. Nc3 Bc8 31. Rb5 Qc7 32. Rab1 Bd8 33. Kd1 Nd7 34. Nb3 Qa7 35. Qa2
Qc7 36. Nc1 Nf6 37. Nd3 Kg7 38. Bf2 Nd7 39. Ke1 Kh7 40. Kf1 Be7 41. R1b2 Kg8
42. Nb1 R6a7 43. Nd2 Ba6 44. R5b3 Bd8 45. Ne1 Bc8 46. Qb1 Ra6 47. Nd3 R6a7 48.
Nc1 Ra6 49. Be1 R6a7 50. Na2 Ra6 51. Nc3 Be7 52. Nb5 Qd8 53. Na3 Kg7 54. Rb5
Qf8 55. Nb3 Qd8 56. Bc3 Qc7 57. Na1 Qd8 58. Qe1 Qc7 59. R5b3 Qd8 60. Qd2 Kg8
61. N3c2 Qc7 62. Rb5 Bd8 63. Ne1 Qa7 64. Qd1 Qc7 65. Qb1 Be7 66. Nd3 Bd8 67.
Nf2 Kf8 68. Nb3 Kg7 69. Nd3 Kg8 70. Kg1 Kg7 71. Kh2 Kg8 72. Be1 Kg7 73. Bf2 Be7
74. Qg1 Bf8 75. Nbxc5 dxc5 76. Nxc5 Nxc5 77. Bxc5 Bxc5 78. Rxc5 Qe7 79. Rcb5 g4
80. fxg4 Qa3 81. c5 Rf6 82. Qf2 Ba6 83. R5b3 Qxa4 84. Bxa6 Raxa6 85. c6 Ra8 86.
Rb8 Rxb8 87. Rxb8 Qc4 88. Qxh4 f3 89. g5 Rf4 90. Qf2 fxg2 91. Qxg2 Rxe4 92. Rb2
Re3 93. Rf2 Qh4 94. Rf5 Rc3 95. g6 Nd6 96. Rf3 Rxf3 97. Qxf3 Qf4+ 0-1

[Event "Cap d'Agde KO"]
[Site "Cap d'Agde"]
[Date "2006.11.01"]
[Round "2.1"]
[White "Volokitin, Andrei"]
[Black "Radjabov, Teimour"]
[Result "0-1"]
[WhiteElo "2645"]
[BlackElo "2729"]
[PlyCount "130"]
[EventDate "2006.10.30"]
[EventType "k.o. (rapid)"]
[EventRounds "3"]
[EventCountry "FRA"]
[SourceTitle "CBM 115"]
[Source "ChessBase"]
[SourceDate "2006.11.15"]
[SourceVersion "1"]
[SourceVersionDate "2006.11.15"]
[SourceQuality "1"]

1. e4 c5 2. Nf3 Nc6 3. d4 cxd4 4. Nxd4 Nf6 5. Nc3 e5 6. Ndb5 d6 7. Bg5 a6 8.
Na3 b5 9. Nd5 Be7 10. Bxf6 Bxf6 11. c3 Bg5 12. Nc2 O-O 13. a4 bxa4 14. Rxa4 a5
15. Bc4 Bd7 16. Nce3 Kh8 17. h4 Bxe3 18. Nxe3 Ne7 19. Ra2 Bc6 20. Qg4 d5 21.
exd5 Nxd5 22. O-O Nxe3 23. fxe3 f6 24. h5 Qb6 25. Qe2 a4 26. Kh2 f5 27. Raa1
Qd8 28. Rad1 Qh4+ 29. Kg1 Rab8 30. Rd6 Be4 31. Rfd1 Qg5 32. Bd5 Bxd5 33. R1xd5
f4 34. exf4 Qxf4 35. Rxe5 Rxb2 36. Qxb2 Qxe5 37. Rd1 Qc5+ 38. Rd4 a3 39. Qb4
Qxb4 40. Rxb4 Ra8 41. Rb1 Kg8 42. Kf2 Kf7 43. Ke3 Ke6 44. c4 a2 45. Ra1 Ke5 46.
Kd3 Ra3+ 47. Kc2 Kd4 48. Kb2 Rg3 49. Kxa2 Kxc4 50. Rc1+ Kd3 51. h6 gxh6 52. Rc7
h5 53. Rxh7 Rxg2+ 54. Kb3 Rg5 55. Rd7+ Ke2 56. Kc3 Rg3+ 57. Kc2 h4 58. Rd2+ Kf1
59. Rd1+ Kg2 60. Rd2+ Kh1 61. Rd1+ Rg1 62. Rd3 Rg3 63. Rd1+ Kh2 64. Kd2 h3 65.
Ke2 Kg2 0-1

[Event "Cap d'Agde KO"]
[Site "Cap d'Agde"]
[Date "2006.11.01"]
[Round "2.2"]
[White "Radjabov, Teimour"]
[Black "Volokitin, Andrei"]
[Result "1-0"]
[WhiteElo "2729"]
[BlackElo "2645"]
[Annotator "Radjabov,T"]
[PlyCount "63"]
[EventDate "2006.10.30"]
[EventType "k.o. (rapid)"]
[EventRounds "3"]
[EventCountry "FRA"]
[SourceTitle "CBM 115"]
[Source "ChessBase"]
[SourceDate "2006.11.15"]
[SourceVersion "1"]
[SourceVersionDate "2006.11.15"]
[SourceQuality "1"]

{It was the second game of the knockout match. I won the first with Black and
needed a draw to qualify to the next stage.  Es war die zweite Partie des
Knockout-Matches. Ich hatte die erste Partie mit Schwarz gewonnen und brauchte
ein Remis, um mich für die nächste Phase zu qualifizieren.} 1. d4 Nf6 2. c4 d6
3. Nf3 g6 4. Nc3 Bf5 {Volokitin's main line in Cap d'Agde. He beat Bacrot
there in the group stage.  Volokitins Hauptvariante in Cap d'Agde. Dort schlug
er in der Gruppenphase Bacrot.} 5. Qb3 Qc8 6. h3 $5 {Preparing g4. Bereitet g4
vor.} c5 7. d5 Bg7 8. g4 Bd7 9. e4 {Now White is better I guess. e5 is coming
soon. Jetzt steht Weiß besser, schätze ich. e5 wird bald kommen.} O-O 10. Bf4 {
Preparing e5 Bereitet e5 vor.} Na6 (10... a6 11. O-O-O $16 (11. e5)) 11. Be2 {
Once again, now e5 is threatening, at the same time g5 is possible with the
idea Nh5-Be3-Bxh3-Nd2 x h5 Erneut droht jetzt e5, gleichzeitig ist g5 möglich
mit der Idee Nh5-Be3-Bxh3-Nd2 x h5} h5 {Trying to create a fight.} (11... Nc7
12. e5 $5 $16 (12. O-O-O) (12. g5 $5 Nh5 13. Be3 Bxh3 14. Nh4 (14. Nd2 Bg4 15.
f3 Ng3 16. Rh2 Nxe2 17. Nxe2 Bd7 18. O-O-O b5 $13) 14... Bg4 15. Qc2 $14)) 12.
gxh5 $5 {I thought it's the right way here and probably it is. Dies hielt ich
hier für den richtigen Weg, und wahrscheinlich ist er das auch.} Nxh5 13. Bg5
$1 {[%csl Re7] Now White's position is much better. Nun ist die weiße Stellung
deutlich besser.} Nf6 (13... f6 14. Be3 f5 15. Nh4 $1 f4 16. Nxg6 $18) (13...
Qe8 $5 14. Nd2 $1 $16 {[%csl Gh4][%cal Gh3h4,Gh4h5]}) 14. Nd2 {[%csl Rg6][%cal
Gh3h4,Gh4h5,Gh5h6]} Nc7 {[%cal Gb7b5,Ge7e6] Auf b5 oder e6 zu spielen, ist die
einzige Möglichkeit.} 15. h4 e6 (15... b5 16. h5 $16) 16. h5 $1 exd5 (16...
gxh5 $2 17. O-O-O $1 $18) (16... Nxh5 17. Bxh5 gxh5 18. Be7 $18) (16... b5 17.
cxb5 $16 (17. h6 Bh8 18. Nxb5 $18 Nxb5 19. h7+ Nxh7 20. Qh3 $18)) 17. Nxd5 $1 {
Now White is winning. It looks like Black didn't make any serious mistakes.
Maybe, h5 is not the way to handle the position. But White is better there
anyway. Nun gewinnt Weiß. Es sieht aus, als hätte Schwarz keine ernsten Fehler
gemacht. Vielleicht ist h5 nicht die richtige Behandlungsweise der Stellung.
Aber dort steht Weiß sowieso besser.} Ncxd5 18. cxd5 Qe8 19. Qe3 $1 {A great
move to kill any counterplay for Black down the e-file. Ein großartiger Zug,
der jegliches Gegenspiel von Schwarz entlang der e-Linie tötet.} Qe5 (19...
Nxh5 20. Bxh5 gxh5 21. Bf4 $16 (21. Bh6 Qe5 22. Bxg7 $18 {[%cal Ge1c1]})) 20.
h6 $1 Bh8 21. Nc4 $1 {And now some finesses at the end! Und nun zum Schluss
ein paar Finessen!} Qd4 (21... Qxe4 22. h7+ $1 Kg7 23. Bxf6+ Kxf6 24. Qxe4) 22.
Qxd4 cxd4 23. Nxd6 Kh7 24. Rc1 $1 Ne8 25. Nxb7 Rb8 26. Nc5 Bc8 27. Nd3 $1 Ba6
28. Be7 $5 Rg8 29. b3 Bf6 30. Bxf6 Nxf6 31. f3 $18 Rb6 32. Rc7 1-0

[Event "World Cup ACP 1st"]
[Site "Odessa"]
[Date "2007.01.06"]
[Round "1.1"]
[White "Bareev, Evgeny"]
[Black "Radjabov, Teimour"]
[Result "1/2-1/2"]
[WhiteElo "2643"]
[BlackElo "2729"]
[PlyCount "68"]
[EventDate "2007.01.05"]
[EventType "k.o. (rapid)"]
[EventRounds "4"]
[EventCountry "UKR"]
[SourceTitle "CBM 116"]
[Source "ChessBase"]
[SourceDate "2007.02.01"]
[SourceVersion "1"]
[SourceVersionDate "2007.02.01"]
[SourceQuality "1"]

1. d4 Nf6 2. c4 g6 3. Nc3 Bg7 4. e4 d6 5. Be2 O-O 6. Bg5 c5 7. d5 a6 8. Qd2 b5
9. cxb5 Qa5 10. bxa6 Nbd7 11. Nf3 Bxa6 12. O-O Nxe4 13. Nxe4 Qxd2 14. Nfxd2
Bxe2 15. Rfe1 Bd3 16. Bxe7 Rfb8 17. Rad1 Rxb2 18. Nxd6 Bc3 19. Bg5 Rbxa2 20. h4
Ra1 21. Rxa1 Rxa1 22. Rxa1 Bxa1 23. Be3 Be5 24. N6c4 Bc3 25. f3 f5 26. Kf2 Nf6
27. Bxc5 Nxd5 28. g3 Bf6 29. Ne3 Nc3 30. Ng2 Kf7 31. Nf4 Ba6 32. Nb3 Bc4 33.
Nd2 Ba6 34. Nb3 Bc4 1/2-1/2

[Event "Corus"]
[Site "Wijk aan Zee"]
[Date "2007.01.14"]
[Round "2"]
[White "Radjabov, Teimour"]
[Black "Karjakin, Sergey"]
[Result "1/2-1/2"]
[WhiteElo "2729"]
[BlackElo "2678"]
[Annotator "Krasenkow,M"]
[PlyCount "155"]
[EventDate "2007.01.13"]
[EventType "tourn"]
[EventRounds "13"]
[EventCountry "NED"]
[EventCategory "19"]
[SourceTitle "CBM 117"]
[Source "ChessBase"]
[SourceDate "2007.03.30"]
[SourceVersion "1"]
[SourceVersionDate "2007.03.30"]
[SourceQuality "1"]

1. d4 Nf6 2. c4 e6 3. Nf3 b6 4. g3 Ba6 5. b3 Bb4+ 6. Bd2 Be7 7. Bg2 c6 8. Bc3
d5 9. Ne5 Nfd7 10. Nxd7 Nxd7 11. Nd2 O-O 12. O-O Rc8 13. e4 b5 14. Re1 dxe4 15.
Nxe4 bxc4 16. Qe2 {This line was examined in CBM 112, annotation by GM B.
Avrukh to the game Wojtaszek-Macieja.} Rb8 {A relatively new move, instead of
the popular} (16... Nf6) {However, the present game puts it under doubt.} 17.
Nc5 (17. bxc4 $2 Nb6 18. Nd2 Na4) (17. Bf1 Nb6 (17... Bb4 18. Qd2 Qa5 19. Bxb4
Qxb4 20. Qf4 Rbd8 21. Rab1 Qa3 22. bxc4 Nb6 23. Rbc1 Qa5 24. Nc5 Nd7 25. Nb3
Qxa2 26. Qe3 $16 {1-0 Shirov,A-Karjakin,S/Foros 2006/CBM 113 (34)}) 18. Nc5 Bb5
$6 (18... Qc8 $142) 19. a4 Nd5 20. Qf3 (20. Ba5 $1 Qxa5 21. axb5 $16) 20...
Bxc5 21. dxc5 Ba6 22. bxc4 Nxc3 23. Qxc3 Qf6 $11 {1/2-1/2 Macieja,B-Carlsen,M/
Turin 2006/CBM 113 (55)}) 17... Qc8 (17... Nxc5 18. dxc5 Bf6 $5 19. Rad1 $140
Bxc3 20. Rxd8 Rbxd8 $44) 18. bxc4 (18. Nxa6 $5 Qxa6 19. Qxc4 Qxc4 (19... Rb6
20. Qxa6 Rxa6 21. Rec1 $36) 20. bxc4 {deserves attention, keeping a bishop
pair in the endgame although Black's position is quite solid after} Rfc8 {
[%cal Yd7b6]} ({but not} 20... Nb6 21. Bxc6 Nxc4 22. d5 $1)) 18... Bf6 (18...
Nxc5 19. dxc5 Rd8 20. Qg4 e5 (20... g6 21. Qf4 $36) (20... Bf8 21. Rad1 $36)
21. Qxc8 Rbxc8 22. Rxe5 Bf6 23. Re3 Bxc4 24. Bxf6 gxf6 25. Re7 $14) 19. Ne4 {
White decides not to exchange Black's a6 bishop but rather keep it out of play.
} (19. Nxa6 {was now possible, too:} Qxa6 20. Rac1 c5 21. d5 Bxc3 22. Rxc3 exd5
23. cxd5 (23. Bxd5 Nf6 $11) 23... Qxe2 24. Rxe2 Rb1+ 25. Bf1 Rd1 26. Ra3 Rxd5
27. Rxa7 $14) 19... Be7 20. Rac1 Re8 21. Ba1 Qc7 22. Qd2 Bb4 23. Bc3 Ba3 24.
Rc2 Bf8 (24... Nb6 25. d5 $1 $40) 25. d5 {A tactical solution.} (25. Ba5 Qc8
26. c5 $1 $16 {[%cal Ye4d6] was a logical continuation of White's plan.}) 25...
exd5 26. cxd5 cxd5 27. Bxg7 Qxc2 {Black could keep material balance but White
would get a clear position advantage due to Black's exposed king and weak
pawns:} (27... Qd8 28. Nf6+ $1 (28. Bxf8 $143 Nxf8 29. Rc6 $1 (29. Nc5 Rxe1+
30. Qxe1 Bc4 $14) 29... Re6 30. Rxe6 Nxe6 31. Qh6 (31. Qxd5 Qxd5 32. Nf6+ Kg7
33. Nxd5 Rb2 $14) 31... dxe4 32. Bxe4 Ng5 33. Qxa6 Rb2 $14) 28... Nxf6 29. Rxe8
Nxe8 (29... Rb1+ 30. Rc1 Rxc1+ 31. Qxc1 Nxe8 32. Bxf8 Kxf8 33. Qh6+) (29...
Qxe8 30. Bxf6 Bh6 $5 31. Bg5 $16) 30. Bxf8 Kxf8 31. Qh6+ Kg8 32. Qxa6 $16 {
[%csl Rd5,Rg8]}) 28. Qxc2 Bxg7 29. Qc6 dxe4 30. Qxa6 Nf6 31. Qxa7 $2 {Exchange
of the a-pawns is an extremely unfortunate idea. With the pawns on the same
side Black will have a lot, even amazing, drawing chances.} (31. h3 $5 {
[%cal Yg3g4]} h5 32. Qa4 {although winning this position is not easy.}) 31...
Ra8 32. Qb7 Rxa2 33. Bxe4 Nxe4 (33... Ra4 $1 34. f3 Nxe4 {would worsen White's
pawn structure and give him even less chances to win.}) 34. Rxe4 Rxe4 35. Qxe4
{[%mdl 4096] I used to have a similar endgame vs I.Naumkin more than 20 years
ago, however, with the pawn on g6 instead of f7. It was far from easy to
defend! Visually it looks like Black must have more drawing chances with his
pawn on f7.} h6 36. h4 ({According to GM A.Khalifman,} 36. Qe8+ $142 Bf8 37. f4
{[%cal Yf4f5,Yf5f6] with good winning chances. Of course, a detailed analysis
is needed to prove that.}) 36... Rd2 37. Qe8+ Bf8 38. Kg2 Rd6 39. Qe5 Re6 40.
Qf5 Be7 {Black controls the f6 square and his position is probably
unassailable. It is important that some drawn Q+p vs R+p endgames are possible,
e.g. with pawns on g5 vs f7 or h5 vs f7.} 41. Kh3 Bf8 42. f4 Be7 43. Kg2 Rb6
44. Qh5 Re6 45. Kf3 Rb6 46. Qg4+ Kf8 47. Qh5 Kg7 48. Qd5 Ra6 49. Kg4 Ra3 50.
Kh3 Bf6 51. Kg2 Rc3 52. Qf5 Ra3 53. Qg4+ Kh7 54. Qh5 Kg7 55. Qd5 Rc3 56. h5 Re3
57. g4 Re6 58. g5 hxg5 59. fxg5 Bxg5 $1 60. Qxg5+ Kh7 {This theoretical draw
is one of N.Grigoriev's numerous discoveries (now, with Nalimov tablebases,
everyone can make such a "discovery").} 61. Kf3 Rh6 62. Qf5+ Kg7 63. Qe5+ Kh7
64. Qe4+ Kg7 65. Qd4+ Kh7 66. Kg4 Re6 67. Kg5 Rh6 $1 {It is essential not to
allow h5-h6.} (67... Kg8 68. h6 $1 {is already lost.}) 68. Qc4 Kg7 69. Qa2 Re6
70. Qa1+ Kh7 71. Kf5 Rh6 72. Qa2 Kg7 73. Qb2+ Kh7 74. Qc3 Re6 75. Kg5 Rh6 76.
Qc4 Kg7 77. Qxf7+ Kxf7 78. Kxh6 1/2-1/2

[Event "Corus"]
[Site "Wijk aan Zee"]
[Date "2007.01.16"]
[Round "4"]
[White "Radjabov, Teimour"]
[Black "Tiviakov, Sergei"]
[Result "1-0"]
[WhiteElo "2729"]
[BlackElo "2682"]
[Annotator "Tiviakov,S"]
[PlyCount "149"]
[EventDate "2007.01.13"]
[EventType "tourn"]
[EventRounds "13"]
[EventCountry "NED"]
[EventCategory "19"]
[SourceTitle "CBM 117"]
[Source "ChessBase"]
[SourceDate "2007.03.30"]
[SourceVersion "1"]
[SourceVersionDate "2007.03.30"]
[SourceQuality "1"]

1. e4 c5 2. Nf3 Nc6 3. d4 cxd4 4. Nxd4 g6 5. Nc3 Bg7 6. Be3 Nf6 7. Bc4 O-O 8.
Bb3 a5 9. O-O Nxd4 10. Bxd4 d6 11. Qe2 (11. h3 Bd7 12. a4 Bc6 13. f4 Nd7 14.
Bxg7 Kxg7 15. Qd4+ Kg8 (15... f6 $5) 16. f5 $1 $146 (16. e5) 16... Ra6 (16...
Qb6 $5 17. Qxb6 Nxb6 18. f6 Rae8 19. fxe7 (19. Rad1 $14) 19... Rxe7 20. Rf6 $14
) 17. Kh1 Qb6 18. Qd2 Kg7 19. Rf4 (19. Rae1 $5) 19... Nf6 (19... g5 $5) 20. Rh4
Ng8 (20... h5 21. Nd5 Bxd5 22. exd5 $16) 21. Rf1 Raa8 22. Qf4 f6 (22... h6 23.
e5 $16 {->}) 23. Qd2 g5 24. Rg4 Nh6 25. Rg3 $2 (25. Rxg5+ fxg5 26. Qxg5+ Kh8
27. Qxh6 Qd4 $16) 25... Nf7 26. h4 h6 $13 {0-1 Bindrich,F-Tiviakov,S/Dresden
2007/The Week in Chess 648 (54)}) 11... Bd7 12. Rad1 (12. a4 Bc6 $11) 12... a4
{(><a4)} (12... Bc6 $5) 13. Bc4 Bc6 14. a3 $146 Ra5 $5 (14... Nd7 15. Bxg7 Kxg7
16. Nd5 $14 {(/\Nb4)} Bxd5 17. exd5 $14 {/\Bb5, ><e7}) 15. Nd5 $5 Nd7 (15...
Nxd5 16. exd5 Bxd5 17. Bxd5 Rxd5 18. Bb6 $1 Qxb6 19. Rxd5 Qxb2 20. Qxe7 Qxa3
21. Qxb7 $14) 16. Rfe1 (16. Bxg7 Kxg7 $14) 16... Re8 17. c3 $6 (17. Bxg7 Kxg7
$14) 17... e6 $1 18. Nb4 Bf8 $1 19. f3 (19. f4 $5) 19... Qc7 (19... Qe7 $5 {
/\Nc5, /\Rc8}) 20. Qf2 Nc5 21. Rd2 Qe7 (21... Bb5 $5) 22. Rde2 Rc8 (22... Bb5
$2 23. Nd5 $1 exd5 24. Bxb5 Rxb5 25. exd5 Nd3 26. Qf1 Qd7 27. Rxe8 Nxe1 28.
Qxe1 $18) 23. Ba2 (23. Nd5 $5 Bxd5 (23... exd5 24. exd5 Qd8 25. dxc6 bxc6 $13 {
/\d5}) 24. exd5 e5 25. f4 b5 26. Bxc5 bxc4 27. Bb4 (27. Bd4 $2 f6) 27... Rxd5
28. fxe5 Qc7 29. exd6 (29. e6 Rf5 $11) 29... Bxd6 $11) 23... Bb5 24. Rd2 Nd7
25. f4 Bc4 26. Bb1 $6 (26. Bxc4 $142 Rxc4 $14) 26... Nc5 27. Bc2 Nb3 28. Bxb3
Bxb3 $11 29. Rd3 Bc4 (29... Rh5 $5) 30. Rh3 e5 $6 (30... Rb5 $5 {/\e5}) 31. Bb6
$1 Rb5 32. f5 f6 $6 $138 (32... d5 $142 33. exd5 Bxd5 $14) 33. Be3 $16 gxf5 (
33... g5 $16) 34. Qxf5 $40 Be6 35. Rg3+ Kh8 36. Qf2 (36. Qf1 $5 $16) 36... Bg7
37. Qd2 {(/\Bh6)} Rg8 (37... f5 $142 38. exf5 Bxf5 $16) 38. Rd1 Bf8 39. Rxg8+
Kxg8 40. Bh6 Bb3 41. Rf1 Rc5 42. Rf3 Rc8 43. Nd5 Bxd5 44. Qxd5+ Kh8 45. Be3 Bg7
46. Qb5 Ra8 47. Bf2 Qc7 48. Rd3 Bf8 49. Rd5 Qc6 50. Qd3 Be7 51. Rb5 Bd8 {(><b6)
} 52. Rd5 (52. Qd5 Qxd5 53. Rxd5 Bc7 54. Rb5 b6 55. c4 Ra6 $16) 52... Bc7 (
52... Be7 $5) 53. h3 Rf8 54. Rb5 Ra8 (54... b6 $5) 55. Rd5 Rg8 56. Kh2 Rg6 57.
c4 Rg8 58. Bh4 (58. c5 f5 (58... Rd8 59. Bh4 Kg7 60. Qg3+ Kf7 61. Qf2 $18) (
58... dxc5 59. Rxc5 Qd6 60. Qxd6 Bxd6 61. Ra5 $16 (61. Rb5) (61. Rd5)) 59. exf5
dxc5 60. Qe4 $16) 58... Rg6 59. Qf3 (59. Rb5 $1 {(/\Qd5)} f5 (59... b6 60. Qd5
Qe8 61. Rb4 {/\Bf2, /\Qb7, ><b6, a4}) 60. Qd5 Qxd5 61. exd5 b6 62. Rb4 $18 {
><a4}) 59... Kg7 60. c5 $6 (60. Qd3 $16) 60... dxc5 61. Qf5 Bd6 $4 (61... Bb6
$14 62. Qd7+ Kg8 63. Qe7 c4 64. Kh1 (64. Rd7 Rxg2+ 65. Kh1 Rg1+ 66. Kh2 Rg2+
67. Kh1 Rg1+ $11) (64. g4 Rg7 65. Qxf6 Rf7 66. Qxc6 bxc6 67. Rd6 Bd4 68. Rxc6
Rb7 69. Rxc4 Rxb2+ $11) 64... Rg7 65. Qxf6 Qxf6 66. Bxf6 Rf7 67. Bxe5 Rf1+ 68.
Kh2 Re1 $14) (61... Ba5 62. Bf2 (62. Rd7+ Kg8 $14 63. Re7 Bd8 64. Rd7 Ba5)
62... Bb6 63. Be3 Kh8 64. Qf2 $14) 62. Qe6 f5 $8 63. Qxf5 Qc7 (63... Qe8 64.
Bg3 Rf6 65. Qg5+ Rg6 66. Qh5 $18 {><e5}) 64. Bg3 Rf6 65. Qh5 Re6 66. Qe2 Kf8
67. Qd1 b5 $2 (67... Qc6 68. Qf3+ $18) 68. Qf1+ Ke8 69. Qxb5+ Qd7 70. Qe2 Qf7
71. Qa6 Qd7 72. Qa8+ Kf7 73. Qh8 h6 74. Qh7+ Ke8 75. Qg8+ 1-0